banner-ar

النقود الاسلامية فى ايران : (Record no. 64628)

MARC details
000 -الفاتح
حقل البيانات ثابتة الطول 01115nam a22002417a 4500
005 - وقت وتاريخ اخر تعامل مع التسجيلة
رقم الضبط 20240530110741.0
008 - عناصر البيانات ثابتة الطول - معلومات عامة
حقل البيانات ثابتة الطول 180923s2015 ua a f b 000 0 ara d
017 ## - رقم الايداع القانونى
المصدر ( الهيئة المختصة) مصر. دار الكتب
رقم الايداع القانونى 2015/5229
020 ## - الرقم الدولى المعيارى للكتب
الرقم الدولى المعيارى للكتاب 9789779027630
040 ## - مصدر الفهرسة
وكالة الفهرسة الأصلية EG-CaGPL
وكالة النسخ EG-CaGPL
082 04 - رقم تصنيف ديوى العشرى
رقم الطبعة 21
رقم التصنيف 737.4953076 /
رقم المادة م ن
100 0# - المدخل الرئيسى - إسم شخصى
الإسم الشخصى محمد فوزى عبداللطيف
245 12 - بيان العنوان
العنوان النقود الاسلامية فى ايران :
بقية العنوان نقود همذان فى العصر الاسلامى حتى نهاية عهد الدولة القاجارية : دراسة اثرية فنية /
بيان المسئوليه,etc محمد فوزى عبداللطيف .
250 ## - بيان الطبعة
بيان الطبعة ط.1
260 ## - PUBLICATION, DISTRIBUTION, ETC. (IMPRINT)
تاريخ النشر أو التوزيع 2015 .
300 ## - الوصف المادى
التعداد 438 ص. :
تفاصيل ماديه اخرى للوعاء ايض ؛
أبعاد الوعاء 24 سم.
504 ## - تبصرة ببليوجرافية
تبصرة ببليوجرافية,الخ يشتمل على ارجاعات ببليوجرافية
650 07 - المدخل الاضافى بالموضوع-مصطلح موضوعى
مصطلح موضوعي النقود الاسلامية
مصدر الرأس أو المصطلح qrmak
650 07 - المدخل الاضافى بالموضوع-مصطلح موضوعى
مصطلح موضوعي النقود الاسلامية
مصدر الرأس أو المصطلح qrmak
التقسيم الفرعي الجغرافي ايران
650 07 - المدخل الاضافى بالموضوع-مصطلح موضوعى
مصطلح موضوعي الخلافة العباسية
مصدر الرأس أو المصطلح qrmak
942 ## - عناصر المدخل الإضافي( كوها)
مصدر التصنيف او مخطط الترفيف Dewey Decimal Classification
Koha [default] item type كتاب
260 ## - PUBLICATION, DISTRIBUTION, ETC. (IMPRINT)
-- القاهرة :
-- مركز الاهرام للنشر والترجمة والتوزيع،
Holdings
حالة التراجع حالة الفقد حالة تلف ليس للاعارة المكان المؤقت الموقع الحالى موقع الترفيف تاريخ الاكتساب اجمالي اﻻعارات رقم الطلب الباركود تاريخ اخر مشاهدة تاريخ تفعيل السعر نوع وعاء كوها
        مكتبة القاهرة الكبرى مكتبة القاهرة الكبرى   09/26/2018   737.4953076 / م ن 165075 09/26/2018 09/26/2018 كتاب

Powered By

EGPV